| 000 | 00616cam a22002171 4500 | ||
|---|---|---|---|
| 001 | he 68000640 | ||
| 003 | DLC | ||
| 005 | 20260227111454.0 | ||
| 008 | 840227s1965 is 000 0 heb | ||
| 010 | _ahe 68000640 | ||
| 035 | _a(OCoLC)19176932 | ||
| 040 |
_aDLC _cMH _dDLC |
||
| 042 | _apremarc | ||
| 050 | 0 | 0 |
_aPN6231.N27 _bA4 |
| 245 | 0 | 0 |
_aʻAlilotav ṿe-taʻalulaṿ shel Nasr a-Din / _cliḳeṭ ṿe-ʻibed Adir Kohen... |
| 260 |
_aTel Aviv : _bM. Mizraḥi, _c[1965] |
||
| 300 |
_a91 p. : _bill. ; _c25 cm. |
||
| 600 | 0 | 0 |
_aNasreddin Hoca _xLegends. |
| 700 | 1 | _aCohen, Adir. | |
| 752 |
_aIsrael _dTel Aviv |
||
| 999 |
_c33003 _d33003 |
||